Statistics for Demon slayer hashiras(fast typing)

Click here to take the quiz!

General Stats

  • This quiz has been taken 199 times
  • The average score is 7 of 13

Answer Stats

HintAnswer% Correct
The Flame HashiraKyojuro Rengoku
76%
The Water HashiraGiyu Tomioka
72%
Former Flame HashiraShinjuro Rengoku
69%
The Mist HashiraMuichiro Tokito
61%
The Stone HashiraGyomei Himejima
59%
The Sound HashiraTengen Uzui
59%
The Love HashiraMitsuri Kanroji
55%
The Wind HashiraSanemi Shinazugawa
55%
The Insect HashiraShinobu Kocho
53%
The Serpent HashiraObanai Iguro
52%
Former Flower HashiraKanae Kocho
49%
Former Water HashiraSakonji Urokodaki
26%
Former Thunder HashiraJigoro Kuwajima
9%

Score Distribution

Percentile by Number Answered

Percent of People with Each Score

Your Score History

You have not taken this quiz